01120nam a2200133 45000010006000000050017000060100018000231000041000412000035000823230015001173300802001326100030009347000022009641405120260326113150.0 a9782847053241 a20260326d u||y0frey50 ba aLeurs coeurs se balancerbLIVR aindéfini aDans Leurs cœurs se balancer, il y a le bruissement de la forêt. La petite fille n’a pas de nom, le lapin n’a pas de visage et un curieux personnage court après le temps. Mais la nuit on entend les cœurs se balancer, murmurer leurs secrets, et nos trois amis en sont transformés. Solitudine met en présence un tigre et un enfant. On pourrait croire le dialogue improbable. Mais douceur et tendresse détrônent les rapports de force et tout devient possible. Leur alliance déjoue la bêtise des chasseurs. Goutte d’O, ce sont les pensées d’un enfant qui suit une goutte d’eau de pluie sur une vitre et s’émerveille de tous ces O que sa mère ne voit pas. Il apprend tout à la fois le monde et les mots. Le quotidien se mue en alphabet et la larme en poème.  ajeunesseaenfanceanature aGaléabClaudine